|
|
|
|
| LEADER |
02685nam a2200589 4500 |
| 001 |
ocn900724803 |
| 003 |
OCoLC |
| 005 |
20170124071853.7 |
| 006 |
m o d |
| 007 |
cr cnu---unuuu |
| 008 |
131122s2014 nju o 100 0 eng d |
| 040 |
|
|
|a IDEBK
|b eng
|e pn
|c IDEBK
|d EBLCP
|d N$T
|d CUS
|d OCLCO
|d OCLCF
|d OCLCQ
|d DG1
|d DEBSZ
|d OCLCO
|d OCLCQ
|d OCLCO
|d OCLCQ
|d OCL
|d OCLCO
|d DEBBG
|d OCLCQ
|d OCLCO
|d DG1
|d GrThAP
|
| 020 |
|
|
|a 9781119040392
|q (electronic bk.)
|
| 020 |
|
|
|a 1119040396
|q (electronic bk.)
|
| 035 |
|
|
|a (OCoLC)863673007
|
| 050 |
|
4 |
|a TA455 .C43
|
| 072 |
|
7 |
|a TEC
|x 009000
|2 bisacsh
|
| 072 |
|
7 |
|a TEC
|x 035000
|2 bisacsh
|
| 082 |
0 |
4 |
|a 620.14
|2 23
|
| 049 |
|
|
|a MAIN
|
| 111 |
2 |
|
|a International Conference on Advanced Ceramics and Composites
|n (38th :
|d 2014 :
|c Daytona Beach, Florida)
|
| 245 |
1 |
0 |
|a Advances in bioceramics and porous ceramics VII :
|b a collection of papers presented at the 38th International Conference on Advanced Ceramics and Composites January 27-31, 2014 Daytona Beach, Florida /
|c edited by Roger Narayan, Paolo Colombo ; volume editors Andrew Gyekenyesi, Michael Halbig.
|
| 246 |
3 |
0 |
|a Advances in bioceramics and porous ceramics seven
|
| 264 |
|
1 |
|a Hoboken, New Jersey :
|b Wiley,
|c [2015]
|
| 264 |
|
4 |
|c ©2015
|
| 300 |
|
|
|a 1 online resource (xi, 185 pages).
|
| 336 |
|
|
|a text
|b txt
|2 rdacontent
|
| 337 |
|
|
|a computer
|b c
|2 rdamedia
|
| 338 |
|
|
|a online resource
|b cr
|2 rdacarrier
|
| 490 |
1 |
|
|a Ceramic engineering and science proceedings ;
|v v. 35
|
| 500 |
|
|
|a "The American Ceramic Society."
|
| 650 |
|
0 |
|a Ceramic materials
|v Congresses.
|
| 650 |
|
0 |
|a Ceramics in medicine
|v Congresses.
|
| 650 |
|
0 |
|a Electric insulators and insulation
|x Ceramic materials
|v Congresses.
|
| 650 |
|
0 |
|a Insulation (Heat)
|v Congresses.
|
| 650 |
|
0 |
|a Detectors
|x Materials
|v Congresses.
|
| 650 |
|
7 |
|a TECHNOLOGY & ENGINEERING
|x Engineering (General)
|2 bisacsh
|
| 650 |
|
7 |
|a TECHNOLOGY & ENGINEERING
|x Reference.
|2 bisacsh
|
| 650 |
|
7 |
|a Ceramic materials.
|2 fast
|0 (OCoLC)fst00850974
|
| 650 |
|
7 |
|a Ceramics in medicine.
|2 fast
|0 (OCoLC)fst00851134
|
| 650 |
|
7 |
|a Detectors
|x Materials.
|2 fast
|0 (OCoLC)fst00891606
|
| 650 |
|
7 |
|a Electric insulators and insulation
|x Ceramic materials.
|2 fast
|0 (OCoLC)fst00904973
|
| 650 |
|
7 |
|a Insulation (Heat)
|2 fast
|0 (OCoLC)fst00974462
|
| 655 |
|
4 |
|a Electronic books.
|
| 655 |
|
7 |
|a Conference papers and proceedings.
|2 fast
|0 (OCoLC)fst01423772
|
| 700 |
1 |
|
|a Halbig, Michael.
|
| 700 |
1 |
|
|a Gyekenyesi, Andrew.
|
| 700 |
1 |
|
|a Narayan, Roger.
|
| 700 |
1 |
|
|a Colombo, Paolo.
|
| 830 |
|
0 |
|a Ceramic engineering and science proceedings ;
|v v. 35.
|
| 856 |
4 |
0 |
|u https://doi.org/10.1002/9781119040392
|z Full Text via HEAL-Link
|
| 994 |
|
|
|a 92
|b DG1
|